000 004480000a22001810004500
003 MACL
005 20160108123025.0
008 160108b xxu||||| |||| 00| 0 eng d
040 _aMACL
_cMACL
041 _aEnglish
082 _a920.71/MAH
100 _aMahajan, Mehr Chand
_929567
245 _aLooking Back
260 _bAsia Publishing House
_c1963
_aBombay
350 _a25
650 _aAutobiography
_929568
942 _cBK
_k920.71/MAH
_2ddc
999 _c35893
_d35893